000 00747 a2200145 4500
008 141120b xxu||||| |||| 00| 0 eng d
082 _a709.86
_bZ141a
100 _aGustavo Zalamea
_91667
245 _aArte en emergencia
_bEnsayo Historico, teorico o critico en el Arte Colombiano de fin de Milenio
_cAlcaldia Mayor de Bogota, Instituto Distrital de culturra y turismo
260 _aBogota
_bAlcaldia Mayor de Bogota, Instituto Distrital de culturra y turismo
_c2000
300 _a36 p.
_bcol.
_c27 cm
505 _tEl lugar de la emergencia
_tFragilidad en Emergencia
_tLa Emergencia de fin de siglo
_tla emergencia de un nuevo salon Nacional
_tLos modelos de la emergencia
650 _aArte
_vEmergente
_zColombia
_91668
700 _aGustavo Zalamea
_91669
999 _c350
_d350